[Event "Dyfed Open"]
[Site "Fishguard"]
[Date "2017.02.25"]
[Round "3"]
[White "Francis, Matthew"]
[Black "Waterfield, John W"]
[Result "1/2-1/2"]
[WhiteElo "1634"]
[BlackElo "1968"]
[Annotator "Rudy"]
[PlyCount "80"]
[EventDate "2017.02.24"]
[EventType "swiss"]
[EventRounds "5"]
[EventCountry "WLS"]

1. d4 Nf6 2. Bf4 g6 3. Nc3 c5 4. d5 d6 5. e4 Bg7 6. Qd2 O-O 7. Bh6 b5 $146 (
7... a6) (7... Bxh6) 8. Bxb5 Qb6 9. Bxg7 Kxg7 10. Bd3 (10. a4 a6 11. Bd3 e6 (
11... Qxb2 12. Rb1 Qa3 13. Bc4 Nbd7 14. Nf3 Rb8 15. O-O $16) 12. Nge2 $14 {
Komodo10}) 10... Qxb2 11. Rb1 Qa3 12. Nge2 Qa5 $11 (12... Ba6 $11) 13. f3 Nbd7
14. Bb5 (14. Nb5 Qxd2+ 15. Kxd2 $11 {Komodo10}) (14. O-O {saves a tempo}) 14...
Rb8 15. O-O Ba6 16. Bxa6 Qxa6 17. f4 (17. Rb3 Rb4 18. Rfb1 Rfb8 19. Ng3 $11 {
Komodo10}) 17... Rb4 $15 18. Qe3 Rfb8 19. Rb3 Qb6 (19... Qc4 20. Rfb1 (20. Rd1
a5 (20... Nxe4 21. a3 $11) 21. e5 dxe5 22. fxe5 Ng4 23. Qg5 Ndxe5 24. Qxe7 R8b7
25. Qg5 a4 $17 {Komodo10}) 20... Nxe4 $17) 20. h3 $11 c4 21. Qxb6 R8xb6 22.
Rxb4 Rxb4 23. Nd4 (23. Kf2 $14) 23... Rb2 (23... Nc5 24. Re1 Rb2 25. e5 Nh5 26.
f5 $11 {Komodo10}) 24. Rf2 (24. Kf2 Nc5 25. Ke3 $14 {Komodo10}) 24... Nc5 25.
Re2 $11 e6 (25... Nh5 26. f5 Nf4 27. Rf2 Nh5 $11) 26. dxe6 fxe6 (26... Nxe6 27.
Nxe6+ fxe6 28. Kf2 Kf7 $11 {Komodo10}) 27. e5 dxe5 28. Rxe5 $14 Nfd7 29. Nxe6+
Nxe6 (29... Kg8 30. Rxc5 Nxc5 31. Nxc5 Rxc2 32. N5e4 h5 $14) 30. Rxe6 Rxc2 31.
Re7+ Kf8 32. Rxd7 Rxc3 33. Rxa7 $14 Kg8 (33... h5) 34. Kf2 Rc1 35. Ke3 (35. a4
$16 {Komodo10; but probably there will be an indirect swap of c pawn & a pawn;
& drawn with all the remaining pawns on the same side of the board.}) 35... Rc2
{(draw?)} 36. g4 (36. g3 Rc3+ 37. Kf2 h5 38. h4 Rd3 39. a4 c3 40. Rc7 Rd4 41.
Rxc3 Rxa4 {Komodo10; & drawn}) 36... Rc3+ 37. Kd4 Rxh3 38. Ke5 (38. g5 h5 39.
gxh6 Rxh6 40. a4 Rh4 41. Re7 g5 42. a5 Kf8 43. Re4 g4 44. Re3 Rh5 45. Ra3 g3
46. Ke3 c3 47. Rxc3 Rxa5 48. Kf3 Ra6 49. Kxg3 Kf7 $11 {Komodo10}) 38... Rd3 39.
Rc7 Ra3 40. Rxc4 Rxa2 {(draw?)} 1/2-1/2

[Event "Dyfed Open"]
[Site "Fishguard"]
[Date "2017.02.25"]
[Round "3"]
[White "Taylor, Robert Graham"]
[Black "Stuart, Neil"]
[Result "1-0"]
[WhiteElo "1930"]
[BlackElo "1783"]
[Annotator "Rudy"]
[PlyCount "77"]
[EventDate "2017.02.24"]
[EventType "swiss"]
[EventRounds "5"]
[EventCountry "WLS"]

1. c4 Nf6 2. Nc3 e5 3. g3 Nc6 4. Bg2 Bb4 5. d3 O-O 6. Bd2 Re8 7. e3 (7. Nf3)
7... d6 (7... Bxc3 8. Bxc3 d5 {scores 66% for Bl}) 8. Nge2 Bg4 9. h3 (9. O-O
Qd7 (9... Bxc3 10. Bxc3 d5 11. f3 Be6 12. b3 Qd7 13. e4 d4 14. Bd2 Bh3 $1 {
Montero-Maucci, Tera blanca IRT , Buenos Aires 2002,1/2-1/2}) 10. Re1 Bf5 11.
a3 Ba5 12. b4 Bb6 13. b5 Nd8 14. d4 {Angouras-Hatzioannou, Ambelokipi op ,
Athens 1999,1-0}) 9... Bf5 10. e4 Bd7 11. O-O Qc8 12. Kh2 (12. Bg5 $11 {
Komodo10} Bxh3 $2 13. Bxf6 gxf6 14. Nd5 Kg7 15. Nxc7 Qxc7 16. Bxh3) 12... a6
13. f4 Nd4 14. Nxd4 exd4 15. Ne2 Bxd2 16. Qxd2 c5 17. Ng1 (17. b4 {Fritz13 &
Komodo10}) 17... Rb8 18. Rae1 h6 19. Nf3 b5 20. b3 a5 (20... Bc6 $11) (20...
bxc4 21. bxc4 Bc6 $11 {both Komodo10}) 21. e5 dxe5 22. Nxe5 $14 bxc4 23. Nxc4
Qa6 (23... Rxe1 24. Rxe1 a4 25. bxa4 Bxa4 $11 (25... Rb4 26. a5 Be6 $11 {
Komodo10})) 24. Qxa5 $16 Qxa5 25. Nxa5 Kf8 (25... Ra8 26. Rxe8+ Rxe8 (26...
Nxe8 27. Bxa8) 27. Rf2 $16) 26. Nc6 (26. Nb7) 26... Bf5 27. Ne5 (27. Nxb8 Rxb8
28. Rc1 $18) 27... Rb6 28. g4 Be6 (28... Bc8) 29. Rc1 (29. f5 Bc8 30. Nc4 $18)
29... Ra6 (29... Nd7) 30. Rf2 $18 Ra5 31. Nc4 Ra6 32. Kg3 Bd5 (32... Bxc4 33.
Rxc4 (33. dxc4 Re3+ 34. Kh2 Ke7 $11 {Komodo10}) 33... Re3+ 34. Kh2 Rxd3 35.
Rxc5 Re6 36. Rc4 $16 {Komodo10}) 33. Ne5 Bxg2 34. Rxg2 (34. Kxg2 $18) 34... Rc8
35. b4 Rca8 36. bxc5 Rxa2 37. Rxa2 Rxa2 38. c6 Ra7 39. c7 1-0

[Event "Dyfed Open"]
[Site "Fishguard"]
[Date "2017.02.25"]
[Round "3"]
[White "Miller, John S"]
[Black "Ehsander, Peter"]
[Result "1-0"]
[WhiteElo "1651"]
[BlackElo "1928"]
[Annotator "Rudy"]
[PlyCount "93"]
[EventDate "2017.02.24"]
[EventType "swiss"]
[EventRounds "5"]
[EventCountry "WLS"]

1. d4 Nf6 2. Nf3 e6 3. Bf4 Nh5 4. Bg5 Be7 (4... f6 {weakens the Bl position})
5. Bxe7 Qxe7 6. c3 d5 7. e3 c5 8. Bd3 (8. Ne5 Nf6 9. Nd2 O-O 10. Bd3 {
Sigurjonsson-Arnald, ISL ch tm , Reykjavik 2010,1/2-1/2}) (8. Be2 Nd7 9. O-O b6
10. Nbd2 Nhf6 {Oliveira Jr-Dos Santos, Natal Potiguar op 2011,0-1}) 8... Nf6 9.
O-O Nc6 10. Nbd2 O-O 11. Re1 (11. Ne5 $14 {Stockfish 290115}) 11... cxd4 {
gives Wh an extra grip on e5} (11... b6 {waiting}) 12. exd4 Qd6 13. Qc2 h6 14.
Ne5 Bd7 15. f4 $14 Rac8 16. Nxc6 bxc6 17. g3 (17. b4 Qxf4 18. Nf3 $11 {keeps
the QB bad; Komodo10}) 17... c5 $11 18. Nf3 Qb6 19. Qd2 Bb5 20. Bc2 Ba6 21. h3
Bb7 22. Kh2 (22. Qg2 {Komodo10}) (22. dxc5 Rxc5 23. Nd4 {Fritz6}) 22... cxd4
23. Nxd4 Ne4 $11 24. Bxe4 (24. Qg2 $11) 24... dxe4 25. Re3 Rfd8 $15 26. Rae1 f6
27. Qf2 e5 {messes up the Bl pawns & gives Wh some K side entry squares; but
does intoduce some tactical possibilities} (27... Rd7 $15 {waiting}) 28. fxe5
fxe5 29. Nf5 Qe6 (29... Rf8 $17 30. g4 g6 31. Nxh6+ Kh7 $1 (31... Kg7 32. Qh4
$11) 32. Nf5 (32. Qh4 g5 $17) 32... gxf5 33. Qh4+ Qh6 34. Qe7+ Qg7 35. Qh4+ Kg8
36. gxf5 Qh7 37. Qg5+ Kh8 $15 {Komodo10}) 30. g4 $11 Rf8 (30... Rd3) 31. Qc2
Rcd8 $11 32. Ng3 Rf4 33. Nxe4 Qg6 (33... Qxa2 $11) 34. R1e2 Kh7 (34... Qf7 $11)
35. Nc5 $16 {Wh is a healthy pawn up} Qxc2 36. Rxc2 Bc8 37. Rxe5 $18 {2 pawns}
Rd6 38. Rce2 (38. c4) 38... Rc6 39. Kg3 Rc4 40. Nd3 Rd6 41. Nf4 Bb7 {the B is
aiming at thin air} 42. Re7 Bc6 43. Ne6 (43. Nh5 Rg6 44. Rxa7 $18) 43... Rd3+ (
43... Re4 44. Rxe4 Bxe4 45. Nxg7 $18) 44. Kh2 Rd1 45. Rxg7+ Kh8 46. Rf2 Rd8 47.
Rff7 (47. Rf6) 1-0

[Event "Dyfed Open"]
[Site "Fishguard"]
[Date "2017.02.25"]
[Round "3"]
[White "Mort, Andrew J"]
[Black "Buttell, David"]
[Result "1-0"]
[WhiteElo "1885"]
[BlackElo "1748"]
[Annotator "Rudy"]
[PlyCount "93"]
[EventDate "2017.02.24"]
[EventType "swiss"]
[EventRounds "5"]
[EventCountry "WLS"]

1. c4 e5 2. g3 Nc6 3. Bg2 Nge7 4. Nc3 g6 5. Nf3 Bg7 6. O-O O-O 7. d3 d6 8. Rb1
f5 (8... a5) 9. Bd2 f4 (9... h6) 10. b4 fxg3 (10... Nf5) 11. hxg3 Nf5 12. b5
Ncd4 13. Ng5 $14 {Komodo10} (13. Nxd4 Nxd4 14. Ne4 Bg4 15. f3 Bf5 16. Nf2 Bd7
17. Bh3 Nf5 18. Kg2 {Rzaeva-Shukurova, AZE Ch women, Baku 2001.1/2-1/2}) 13...
Bf6 14. Nge4 Bg7 (14... Be7 $5) 15. Nd5 (15. Bg5 Qe8 16. Nd5 Ne6 17. Ndf6+ Bxf6
18. Bxf6 b6 19. Bg5 Bb7 $11 {Komodo10}) 15... Ne6 16. Bb4 c6 17. bxc6 bxc6 18.
Ndc3 h5 19. e3 $16 (19. Ba3 $16) (19. Qa4 a5 20. Ba3 $16) 19... Bh6 20. Qa4 a5
21. Ba3 Qc7 22. Qb3 (22. Rb2 Ra6 23. Rfb1 $16 {Komodo10}) 22... Ra6 23. Qb8
Qxb8 (23... Rd8 24. Qxc7 Nxc7 25. Rb8 Ra7 26. Bxd6 $18 {Komodo10}) 24. Rxb8 $18
c5 25. Rfb1 Ng5 26. R1b6 (26. Nxc5 dxc5 27. Bxc5 Re8 28. Bd5+ Ne6 29. Ne4 Kg7
30. Bb7 $18 {Komodo19}) 26... Rxb6 27. Rxb6 Nf7 28. Rb5 (28. Nb5 Rd8 29. Na7
Bd7 30. Nf6+ Kg7 31. Nxd7 Rxd7 32. Nb5 Ne7 33. Ra6 $18 {Komodo10}) 28... a4 29.
Ra5 Bg7 30. Rxa4 Be6 31. Ra6 Rb8 32. Nb5 (32. Bxc5) 32... Bf8 33. Nec3 (33.
Bxc5) 33... Kg7 34. Bd5 (34. Bxc5) 34... Bxd5 35. Nxd5 Rb7 36. Bc1 (36. Bb2)
36... Rd7 37. a4 Be7 38. Bd2 Bd8 39. Ba5 (39. a5) 39... Bxa5 40. Rxa5 Nd8 41.
Ra6 Nb7 42. Ra7 Kf7 43. a5 Ne7 44. a6 (44. Nxe7 Kxe7 45. a6) 44... Nc6 45. Rxb7
(45. axb7) 45... Rxb7 46. axb7 Ke6 47. Nbc7+ 1-0

[Event "Dyfed Open"]
[Site "Fishguard"]
[Date "2017.02.25"]
[Round "3"]
[White "Horrell, Stephen A"]
[Black "Bridges, Paul"]
[Result "1/2-1/2"]
[WhiteElo "1461"]
[BlackElo "1781"]
[Annotator "Rudy"]
[PlyCount "40"]
[EventDate "2017.02.24"]
[EventType "swiss"]
[EventRounds "5"]
[EventCountry "WLS"]

1. e4 c5 2. Nc3 e6 3. g3 Nc6 4. Bg2 Nf6 5. d3 Be7 6. Nge2 O-O 7. O-O d6 (7...
d5 {main}) 8. d4 (8. h3) (8. f4) 8... cxd4 9. Nxd4 Nxd4 (9... Bd7 {main}) 10.
Qxd4 e5 {Komodo10} (10... Bd7) (10... a6 {played}) 11. Qd3 Bd7 12. Be3 a6 13.
Rfd1 Qc7 14. Bg5 $14 Bc6 15. Bxf6 gxf6 (15... Bxf6 16. Qxd6 Qxd6 17. Rxd6 Rad8
18. Rad1 Rxd6 19. Rxd6 Rd8 20. Rxd8+ Bxd8 21. Nd5 $14 {Komodo10; but a pawn is
a pawn}) 16. Qf3 $16 (16. Bh3 $16) 16... Bd7 17. Nd5 Qd8 18. Qd3 (18. Qh5)
18... Be6 19. Nxe7+ (19. c4) 19... Qxe7 20. c4 (20. Qxd6 Qxd6 21. Rxd6 Rfd8 22.
Rad1 Rxd6 23. Rxd6 Bxa2 24. Rb6 Rd8 25. Bf3 Rd2 26. c3 Be6 27. Kf1 $16 {
Komodo10}) 20... Rac8 $14 {(draw?)} 1/2-1/2

[Event "Dyfed Open"]
[Site "Fishguard"]
[Date "2017.02.25"]
[Round "3"]
[White "Thomas, Roy"]
[Black "Dixon, Chris"]
[Result "0-1"]
[WhiteElo "1718"]
[BlackElo "1817"]
[Annotator "Rudy"]
[PlyCount "82"]
[EventDate "2017.02.24"]
[EventType "swiss"]
[EventRounds "5"]
[EventCountry "WLS"]

1. f4 Nf6 2. Nf3 g6 3. e3 Bg7 4. Be2 O-O 5. d3 d6 6. O-O c5 7. e4 (7. Qe1) (7.
Nc3) 7... Nc6 8. Nc3 e6 (8... Rb8) 9. Qe1 (9. a3) (9. e5 {played}) 9... a6 (
9... Rb8 10. Qh4 Ne8 11. Qxd8 {Maric-Erlach, Dortmund op 1987, draw agreed})
10. a4 Rb8 11. Bd2 b5 12. axb5 axb5 13. Bd1 (13. Qh4) 13... Nd7 $15 14. Qg3 b4
15. Na4 Ra8 16. c3 Ba6 17. Nh4 Bf6 $19 18. Be1 Bxh4 19. Qxh4 Qxh4 20. Bxh4 Bxd3
21. Re1 bxc3 (21... Bb5) 22. bxc3 Rfb8 23. Bf3 Ra6 24. Red1 c4 25. Bf2 Rba8 26.
f5 Rxa4 27. Rac1 Nde5 28. fxe6 fxe6 29. Bb6 Rf8 (29... Ra2) 30. Bc7 Nxf3+ 31.
gxf3 Rxf3 32. Bxd6 Ra2 33. Bg3 Re3 (33... Bxe4) 34. Re1 Rxe4 35. Rxe4 Bxe4 36.
Re1 Bd5 37. Bd6 Na5 38. Re3 Nb3 39. Rg3 Nd2 40. Re3 Ra1+ (40... Nf3+) 41. Kf2
Ne4+ 0-1

[Event "Dyfed Open"]
[Site "Fishguard"]
[Date "2017.02.25"]
[Round "3"]
[White "Haigh, Tony"]
[Black "Orton, Paul"]
[Result "1/2-1/2"]
[WhiteElo "1816"]
[BlackElo "1617"]
[Annotator "Rudy"]
[PlyCount "65"]
[EventDate "2017.02.24"]
[EventType "swiss"]
[EventRounds "5"]
[EventCountry "WLS"]

1. d4 Nf6 2. Bg5 g6 3. Bxf6 exf6 4. c4 c5 (4... Bg7 {main, more flexible}) 5.
dxc5 (5. e3) (5. d5 {both more frequent}) 5... Qa5+ (5... Bg7 6. Nc3 Qa5 (6...
f5 7. e3 O-O 8. Nf3 Bxc3+ 9. bxc3 Na6 10. Qd4 Re8 11. Bd3 Qe7 12. h4 Nxc5 $15 {
Volodin-Vovk, EU ch U16 , Urgup 2004,0-1}) 7. Qd6 f5 8. Rc1 Nc6 9. Nf3 Qb4 10.
Rc2 b6 11. e3 {Voight-Hauff, GER ch U17 girls, Kerkwitz, draw agreed}) 6. Qd2 (
6. Nc3 $14) 6... Qxd2+ 7. Nxd2 Bxc5 (7... Na6) 8. e3 O-O 9. O-O-O Re8 10. Bd3
Bf8 (10... f5 $11 {Komodo10}) 11. Ne2 Nc6 12. Ne4 Kg7 13. Bb1 f5 (13... Ne5)
14. Nd6 Rd8 (14... Bxd6 15. Rxd6 Ne5 16. Rd4 b6 17. Nf4 Bb7 18. b3 Ng4 19. Rd2
Nf6 $11 {Komodo10}) 15. a3 (15. b3 $14) 15... b6 16. Ba2 Bxd6 (16... Ba6 17. b3
Na5 18. Kb2 Nb7 19. Nb5 (19. Nxb7 Bxb7 20. Nf4 Rac8 $11) 19... Bxb5 20. cxb5
Nc5 $11 {Komodo10}) 17. Rxd6 Kf8 (17... Ne5 18. f3 Bb7 19. Nc3 Rac8 $11 {
Komodo10}) 18. h4 (18. Rhd1) 18... Bb7 19. Nf4 Rac8 20. Rd3 (20. b3 Ne5 21. Kb2
Ng4 22. Rd2 Bc6 $11 {Komodo10}) 20... Ne5 21. Rc3 d5 (21... Ba6 $1 22. h5 (22.
Nd5 h5 23. b3 b5 $15) 22... g5 23. Nd5 Bxc4 24. Bxc4 Rxc4 25. Rxc4 Nxc4 $15 {
Komodo10}) 22. cxd5 Rxc3+ 23. bxc3 Ng4 (23... Rc8 24. Kc2 Ke7 $11 {Komodo10})
24. Rd1 (24. f3 Ne5 (24... Nxe3 {too dangerous with hanging pieces} 25. Re1
Bxd5 26. Nxd5 Nxg2 27. Rh1 $16) 25. Rd1 Ke7 26. Rd4 $14 {Komodo10}) 24... Nxf2
$15 25. Rd4 Rd6 (25... Re8 $17) (25... Ne4 $17) 26. Rc4 Rd7 (26... Ke7) 27. d6
$5 Rxd6 (27... Ng4 28. Rc7 Ke8 $17 {the Wh pawns are all fragmented & weak})
28. Rc7 $11 Rd1+ 29. Kb2 Rd2+ 30. Ka1 Rd1+ 31. Kb2 Rd2+ 32. Ka1 Rd1+ 33. Kb2
1/2-1/2

[Event "Dyfed Open"]
[Site "Fishguard"]
[Date "2017.02.25"]
[Round "3"]
[White "Allford, Zane"]
[Black "Probert, Malcolm"]
[Result "1-0"]
[WhiteElo "1771"]
[BlackElo "1598"]
[Annotator "Rudy"]
[PlyCount "47"]
[EventDate "2017.02.24"]
[EventType "swiss"]
[EventRounds "5"]
[EventCountry "WLS"]

1. e4 c6 2. d4 d5 3. Nc3 g6 4. e5 (4. Nf3) 4... Nh6 5. Bf4 (5. f4 {main}) 5...
Bg7 (5... f6 {most frequent}) 6. Qd2 Ng8 7. O-O-O (7. Nf3 Bg4 8. Qe3 Qb6 9.
O-O-O e6 10. h3 Bxf3 11. Qxf3 Ne7 12. g4 Nd7 13. Be3 Qc7 14. h4 h5 15. Bd3 (15.
gxh5 Rxh5 16. Kb1 $14) 15... a6 $11 {Stavropoulos-Alexiadis, Petro pouli op
2012,0-1}) 7... Nd7 8. Nf3 (8. h4 $16 {[%eval 1003,0] Komodo10 &}) 8... Nb6 9.
Re1 Bg4 10. Re3 (10. Qe3) 10... Bxf3 11. Rxf3 e6 12. Bg5 (12. Kb1) 12... Qd7 (
12... Qxg5 {eases Bl's lack of space a little, bit; though not with that much
play; Komodo10} 13. Qxg5 Bh6 14. h4 Bxg5+ 15. hxg5 Kf8 16. Rfh3 Kg7 17. g4 $14)
13. Qf4 (13. Bd3) 13... h5 (13... h6 $1 14. Bf6 Bxf6 15. exf6 O-O-O $15 {
Komodo10; the Wh pieces are not quite on their right squares now to deal with
the change in pawn structure}) 14. h4 Nh6 15. Bd3 (15. Rfh3 Nf5 16. f3 $16 {
Komodo10; looking for a K side breakthrough}) 15... Nf5 $14 16. Nd1 Rf8 17.
Bxf5 (17. Ne3 {Komodo10 & 10.3; the B may be a bit more flexible. facing both
wings, than the N}) 17... exf5 (17... gxf5 {safer}) 18. Re1 Qe6 {Qs are not
the best of blockaders} 19. Rfe3 (19. b3 {both Engines}) 19... Kd7 20. f3 Rae8
(20... Kc7) 21. Nf2 Kc8 22. Nd3 $18 {all the Bl pieces are passive} Nd7 23. Qg3
b6 {overlooking the other invasion post} 24. Nf4 1-0

[Event "Dyfed Open"]
[Site "Fishguard"]
[Date "2017.02.25"]
[Round "3"]
[White "Jones, Martin C"]
[Black "Leah, Howard"]
[Result "1-0"]
[WhiteElo "1733"]
[BlackElo "1518"]
[Annotator "Rudy"]
[PlyCount "57"]
[EventDate "2017.02.24"]
[EventType "swiss"]
[EventRounds "5"]
[EventCountry "WLS"]

1. e4 c5 2. c3 a6 3. Nf3 d6 4. d4 cxd4 (4... Nd7) 5. cxd4 Nf6 6. Nc3 e6 7. Be2
(7. Bd3 {takes aim at h7, a sensitve spot because of an e5 possibility,
driving away the N protection of the K}) 7... b5 8. a3 (8. Bg5) (8. O-O {played
}) 8... Qc7 9. Be3 Bb7 10. Rc1 $16 Qd8 11. Qd3 (11. d5 e5 12. Nd2 $16 {
Komodo10; Bl is short of space & development}) 11... Nbd7 12. O-O Be7 13. Ng5 (
13. d5 Nc5 14. Qb1 exd5 15. Nxd5 Nxd5 16. exd5 Bxd5 17. Nd4 Be4 18. Qa2 Bf6 19.
b4 Na4 20. Rfe1 O-O 21. Ne6 Nc3 22. Rxc3 fxe6 23. Qxe6+ Kh8 24. Rcc1 Re8 25.
Qh3 $11 {Komodo10}) 13... h6 14. Nh3 O-O $11 15. f4 Rc8 (15... Nb6) 16. f5 Nb6
(16... exf5 $1 17. Rxf5 (17. exf5 Nb6 $15) 17... Nb6 $15 {the Wh centre is
suddenly vulnerable. as the Bl pieces have become active}) 17. fxe6 fxe6 18.
Nf4 $16 {Bl has left a weakness on e6} Qd7 19. Ng6 (19. d5 $18 {exposes the N
on b6 & wins the e6 pawn}) 19... Rf7 20. e5 Nfd5 21. Rxf7 Kxf7 22. Rf1+ Kg8 23.
Ne4 (23. Bc1 $18 {Komodo10; keeps the B trained on h6}) (23. Bh5 $18) (23. Bg4
$18 {both Komodo10; use the other B to probe sensitive spots}) 23... Nxe3 24.
Qxe3 Bxe4 {tries to swap off the attacking force, but open other lines of
entry for Wh} (24... dxe5 {had to be tried} 25. Nxe5 (25. dxe5 Nc4 26. Bxc4
Rxc4 27. Nxe7+ Qxe7 28. Nd6 Rc2 29. Rf7 (29. Rf2 Rxf2 30. Qxf2 Bd5 $11) 29...
Rxg2+ 30. Kf1 Qh4 31. Rxb7 Qxh2 {looks scary, but works out well for Wh if you
are a computer Engine} 32. Rb8+ Kh7 33. Qe4+ Rg6 (33... g6 34. Qb7#) 34. Nf7
Qg1+ 35. Ke2 Qg2+ 36. Qxg2 Rxg2+ 37. Ke3 $18) 25... Qe8 26. Nc5 Bxc5 27. dxc5
Nd7 28. Nxd7 Qxd7 29. b4 $16 {with a protected passed pawn 7 still a target at
e6.}) 25. Qxe4 $18 Bg5 (25... d5 {best} 26. Qf3 Qe8 27. Qg4 Qd7 28. Nf4 Bg5 29.
Nxe6 {and the Wh squares collapse}) 26. h4 (26. Bd3 $1 {at once wins very
quickly; Komodo10. There is little to be done about N discoveries}) 26... Bd2
27. Bd3 Bf4 28. Rxf4 Rc1+ 29. Kh2 1-0

[Event "Dyfed Open"]
[Site "Fishguard"]
[Date "2017.02.25"]
[Round "3"]
[White "Jones, Huw"]
[Black "Eustis, Ian"]
[Result "0-1"]
[WhiteElo "1707"]
[BlackElo "1794"]
[Annotator "Rudy"]
[PlyCount "72"]
[EventDate "2017.02.24"]
[EventType "swiss"]
[EventRounds "5"]
[EventCountry "WLS"]

1. d4 d5 2. c4 c6 3. Nc3 Nf6 4. Bg5 Ne4 (4... e6) 5. Nxe4 dxe4 6. d5 (6. Qd2)
6... Bf5 (6... cxd5 7. cxd5 {vey few examples} Qa5+ (7... e6 8. Bxd8 {1-0}) (
7... Qb6 8. Qa4+ Nd7 9. Qxe4 Qxb2 10. Rb1 Qxa2 11. d6 Qa5+ 12. Bd2 Qe5 13. Qxe5
Nxe5 14. dxe7 Bxe7 $17 {Mueller-Hapala, AUT ch tm 2014,0-1}) 8. Qd2 Qxd2+ 9.
Bxd2 {soon drawn}) 7. Qb3 Qb6 8. Qxb6 axb6 9. Bd2 e6 $15 10. dxe6 Bxe6 11. e3
Be7 12. Bc3 O-O 13. Nh3 Nd7 {the Bl pieces have much more activity available}
14. b4 Bf6 15. Bxf6 Nxf6 16. Nf4 Bf5 17. Ne2 Ra3 $17 (17... Ra4 $17) 18. Nd4
Be6 19. Be2 Rfa8 20. O-O Bd7 21. h3 Rxa2 22. Rxa2 Rxa2 23. c5 b5 (23... Rb2 $19
) 24. Rb1 Kf8 25. Bd1 Ke7 26. Bb3 Ra7 27. g4 h6 28. Kg2 Be6 29. Bxe6 fxe6 $19
30. Kg3 Nd5 (30... Ra2) 31. h4 Ra4 32. Nc2 e5 33. Rb2 b6 $19 {using the extra
pawn} (33... Ra8 $19 {Komodo10. starts using zugzwang procedures}) 34. cxb6
Nxb6 35. f4 exf3 36. Kxf3 Nc4 {& the Wh R has nowhere to go} 0-1

[Event "Dyfed Open"]
[Site "Fishguard"]
[Date "2017.02.25"]
[Round "3"]
[White "Di-Vetta, Andrew"]
[Black "Jansen van Rensburg, Leon"]
[Result "1/2-1/2"]
[WhiteElo "1604"]
[BlackElo "1700"]
[Annotator "Rudy"]
[PlyCount "124"]
[EventDate "2017.02.24"]
[EventType "swiss"]
[EventRounds "5"]
[EventCountry "WLS"]

1. Nf3 Nf6 2. b3 d6 3. c4 g6 4. Bb2 e5 5. d3 Bg7 6. e3 O-O 7. Nc3 Nc6 8. a3 Re8
(8... d5 9. cxd5 Nxd5 10. Nxd5 (10. Qc2 Nxc3 11. Bxc3 Bf5 12. Be2 Qe7 13. O-O
Rfd8 14. Rfd1 {Pavlov-Shtyrenkov, Alushta Summer 2016,1/2-1/2}) 10... Qxd5 11.
Nd2 Be6 12. b4 a5 13. e4 Qd7 14. b5 Ne7 15. a4 Rfd8 16. Rc1 Bh6 {Van
Houten-Jauch, Schleswig-Holstein ch Seniors 2009,0-1}) 9. e4 (9. Be2 e4 10.
Nxe4 Nxe4 11. Bxg7 Nxf2 12. Kxf2 Kxg7 $15 {Powalla-Schatz, Korbach op 2008,0-1}
) 9... a6 (9... Nd4 $15) 10. h3 Nd4 11. Nxd4 exd4 12. Ne2 c5 $15 13. Qd2 b5 14.
g4 (14. g3 {safer, Wh is not yet developed & the K is in the centre}) 14...
bxc4 15. bxc4 Rb8 (15... d5 $1 {Komodo10} 16. exd5 (16. cxd5 Rxe4 $1 {Komodo10}
17. g5 (17. dxe4 Nxe4 18. Qc2 d3 19. Qxd3 Qa5+ $19) 17... Rxe2+ 18. Bxe2 Nxd5
19. Bf3 Rb8 20. Kf1 Ne3+ $1 21. fxe3 dxe3 22. Qxe3 Rxb2 $19) 16... h5 17. g5
Nd7 18. f4 Nb6 19. Bg2 Na4 20. O-O Nxb2 21. Qxb2 Re3 22. Nc1 Bxh3 $17 {Komodo10
}) 16. Bg2 h5 17. g5 Nd7 (17... Nh7 18. h4 f6 $15 {Komodo10}) 18. f4 Nf8 $15 (
18... Nb6 19. O-O Na4 $17 {Komodo10}) 19. O-O Nh7 {this could have been
reached 2 moves ago} 20. Rab1 Bd7 21. h4 $11 Bg4 22. Ng3 (22. f5 gxf5 23. Ng3
$11) 22... Qe7 $15 23. Ba1 Rxb1 (23... Nf8) 24. Rxb1 f6 25. Rb6 (25. Nh1 Nf8
26. Nf2 Bc8 $11 {Komodo10}) 25... fxg5 26. hxg5 h4 (26... Nf8 $17 {Komodo10}
27. Rxa6 Qb7 28. Rxd6 Qb1+ $19) 27. Nf1 Qd7 28. Rxa6 (28. Nh2 h3 29. Bh1 Rf8
30. Bb2 Nxg5 31. fxg5 Be5 32. Bc1 Bxh2+ 33. Qxh2 Qf7 34. Bf4 Qxf4 35. Qxf4 Rxf4
$15 {Komodo10; the Wh K side remains vulnerable due to the pawns being
over-extended}) 28... Rb8 (28... h3 29. Bh1 Nxg5 $1 {Komodo10} 30. fxg5 Be5 $19
31. Rb6 Bh5 32. Rb1 Rf8 33. a4 Qg4+ 34. Bg2 Bf4 35. Qa2 Qxg5 $19 {all Wh's
pieces are reduced to passivity}) 29. e5 Bh3 (29... dxe5 30. fxe5 Nf8 $15) 30.
Rxd6 (30. exd6 $11 {the pawn will distract Bl from pursuing the K side attack})
30... Qg4 $17 31. Bxd4 {at least making use of this piece to try & break open
the centre} (31. Rxg6 Rb1 $19 {forces it anyway}) 31... cxd4 $19 32. Rxg6 Bxg2
(32... Rb1 $19) 33. Qxg2 Qxf4 34. Qd5+ Kh8 35. e6 Rf8 (35... Rb2 $1 {mating})
36. Qg2 h3 (36... Qf5 37. e7 Re8 38. Qe4 Qxe4 39. dxe4 Rxe7 {is another way})
37. Qxh3 Qf2+ 38. Kh1 Qxf1+ 39. Qxf1 Rxf1+ 40. Kg2 Re1 41. e7 Rxe7 (41... Kg8)
42. c5 Rc7 43. c6 Kg8 44. Kf3 Kf7 45. Rd6 Ke7 (45... Nxg5+ {simplest}) 46. Rg6
Kf7 47. Rd6 Nxg5+ 48. Kg4 Ne6 49. Kf5 Nd8 (49... Nc5 $19) (49... Nf8 $19) 50.
Rxd8 Rxc6 (50... Ke7 51. Rd5 Rxc6 $19 {Komodo10}) 51. Rd7+ Kg8 (51... Kf8 52.
Rd8+ Ke7) 52. Ke4 Re6+ 53. Kd5 Re3 (53... Ra6 $19) 54. Kc4 $11 Re1 55. a4 Rc1+
56. Kd5 (56. Kb5 {the distant passed pawn needs supporting}) 56... Rc3 57. Ke4
Ra3 58. Ra7 Kh7 $15 59. a5 Kg6 60. a6 Ra5 61. Ra8 Re5+ 62. Kf4 Rf5+ (62... Rf5+
63. Ke4 Ra5 64. Kf4 (64. a7 Kg5 65. Kf3 Kf5 66. Kf2 Ra2+ $19 {as Wh gets
driven back & can not easily leave the a pawn, as Rxa7 will prtect the B on g7}
67. Ke1 Bf6 68. Kf1 Be7 {prevents Rf8ch & prepares K march to e3 to pickupthe
d pawn} 69. Ke1 Kf4 70. Kd1 Ke3 71. Rh8 (71. Ke1 Ra1#) (71. Kc1 Kxd3 72. Kb1
Ra4 73. Kc1 Ke2 $19)) 64... Bf6 65. Rg8+ Kf7 66. Ra8 Ke6 67. Ke4 Bg7 68. Rg8
Bf6 69. Ra8 Kd6 70. Rf8 Ke7 71. Ra8 Kd7 72. Ra7+ Kd6 73. Ra8 {& Bl's K can
never approach down the Q side, because Wh just has time to attack the B} Kc5
74. a7 $1 $11 Kb6 (74... Kd6 75. Rf8) 75. Rf8 $11) 1/2-1/2